[Event "Roger Roy mem"]
[Site "Gatineau CAN"]
[Date "2007.10.30"]
[Round "3"]
[White "Rainey, Ivan"]
[Black "Pilon, Robert"]
[Result "0-1"]
[WhiteElo "1211"]
[BlackElo "1575"]
[PlyCount "66"]
[GameId "2160767910578817"]
[EventDate "2007.10.16"]
[EventType "swiss"]
[EventRounds "5"]
[EventCountry "CAN"]
[SourceTitle "EXT 2022"]
[Source "ChessBase"]
[SourceDate "2021.10.06"]
[SourceVersion "1"]
[SourceVersionDate "2021.10.06"]
[SourceQuality "1"]

1. e4 e6 2. d4 d5 3. Nd2 dxe4 4. Nxe4 Bd7 5. c4 Bc6 6. Nc3 Nf6 7. Be3 Bb4 8. a3 Bxc3+ 9. bxc3 O-O 10. Nf3 b6 11. Bd3 Qe7 12. O-O h6 13. Ne5 Bb7 14. Qc1 Be4 15. Bxh6 Bxd3 16. Nxd3 gxh6 17. Qxh6 Nh7 18. Rfe1 Qg5 19. Qh3 Nd7 20. Re4 Kh8 21. Rh4 Qg6 22. Ne5 Nxe5 23. dxe5 Rad8 24. Re1 Rd3 25. g3 Rfd8 26. Ree4 Rf3 27. Reg4 Rd1+ 28. Kg2 Rxf2+ 29. Kxf2 Qc2+ 30. Kf3 Qxc3+ 31. Kf2 Rd2+ 32. Kg1 Qe3+ 33. Kh1 Qe1+ 0-1

[Event "Roger Roy mem"]
[Site "Gatineau CAN"]
[Date "2007.11.06"]
[Round "4"]
[White "Arsenault, Yves"]
[Black "Lacourse, Guy"]
[Result "1/2-1/2"]
[WhiteElo "1486"]
[BlackElo "1608"]
[PlyCount "84"]
[GameId "2160767910578818"]
[EventDate "2007.10.16"]
[EventType "swiss"]
[EventRounds "5"]
[EventCountry "CAN"]
[SourceTitle "EXT 2022"]
[Source "ChessBase"]
[SourceDate "2021.10.06"]
[SourceVersion "1"]
[SourceVersionDate "2021.10.06"]
[SourceQuality "1"]

1. e4 c5 2. Nf3 d6 3. d4 cxd4 4. Nxd4 Nf6 5. f3 e5 6. Bb5+ Nbd7 7. Nf5 a6 8. Bxd7+ Qxd7 9. Nc3 Qc7 10. Ne3 Be6 11. Ned5 Bxd5 12. exd5 b5 13. Bg5 Nd7 14. O-O h6 15. Bh4 g5 16. Bg3 f5 17. Qd3 f4 18. Qg6+ Kd8 19. Bf2 Kc8 20. Rac1 Kb7 21. Ne4 Be7 22. b3 Rag8 23. Qf7 Qd8 24. c4 Qe8 25. Qxe8 Rxe8 26. b4 bxc4 27. Rxc4 Rc8 28. Rfc1 Rxc4 29. Rxc4 Rc8 30. Rxc8 Kxc8 31. a4 Kb7 32. g4 Nf6 33. Nxf6 Bxf6 34. Be1 Bd8 35. h3 Bb6+ 36. Kf1 a5 37. bxa5 Bc5 38. Ke2 Ka6 39. Kd3 Kb7 40. Ke4 Ka6 41. Kf5 Kb7 42. Ke4 Ka6 1/2-1/2

[Event "Roger Roy mem"]
[Site "Gatineau CAN"]
[Date "2007.11.06"]
[Round "4"]
[White "Berthiaume, Patrick"]
[Black "Scantland, Patrick"]
[Result "0-1"]
[WhiteElo "1038"]
[BlackElo "1707"]
[PlyCount "48"]
[GameId "2160767910578819"]
[EventDate "2007.10.16"]
[EventType "swiss"]
[EventRounds "5"]
[EventCountry "CAN"]
[SourceTitle "EXT 2022"]
[Source "ChessBase"]
[SourceDate "2021.10.06"]
[SourceVersion "1"]
[SourceVersionDate "2021.10.06"]
[SourceQuality "1"]

1. e4 e5 2. Nf3 Nf6 3. Nxe5 d6 4. Nf3 Nxe4 5. d3 Nf6 6. Nc3 d5 7. d4 Be7 8. Be2 O-O 9. O-O c6 10. Bf4 Re8 11. Qd2 Bb4 12. Rfe1 Bf5 13. a3 Ne4 14. Qd3 Ba5 15. b4 Bb6 16. Na4 Nd7 17. c3 Bg6 18. Nb2 Nxf2 19. Qd2 Ne4 20. Qc2 Qf6 21. Be3 Re7 22. a4 Rae8 23. Nd1 Nf2 24. Kxf2 Bxc2 0-1

[Event "Roger Roy mem"]
[Site "Gatineau CAN"]
[Date "2007.11.06"]
[Round "4"]
[White "Berthiaume, Serge"]
[Black "Thompson, Daniel"]
[Result "0-1"]
[WhiteElo "1323"]
[BlackElo "1514"]
[PlyCount "74"]
[GameId "2160767910578820"]
[EventDate "2007.10.16"]
[EventType "swiss"]
[EventRounds "5"]
[EventCountry "CAN"]
[SourceTitle "EXT 2022"]
[Source "ChessBase"]
[SourceDate "2021.10.06"]
[SourceVersion "1"]
[SourceVersionDate "2021.10.06"]
[SourceQuality "1"]

1. d4 Nf6 2. c4 e6 3. Nc3 Bb4 4. Nf3 b6 5. Bf4 O-O 6. e3 Ne4 7. Qc2 Bb7 8. Be2 f5 9. a3 Bxc3+ 10. bxc3 Nc6 11. O-O Na5 12. Nd2 Nxd2 13. Qxd2 c5 14. Qd1 g5 15. Bd6 Rf7 16. f3 Rc8 17. d5 Ba6 18. Qa4 exd5 19. cxd5 Bxe2 20. Rf2 Bc4 21. Rd2 b5 22. Qd1 Nb3 23. a4 Nxa1 24. Qxa1 Qf6 25. Bg3 f4 26. exf4 gxf4 27. Bf2 b4 28. Rc2 Rg7 29. Qc1 Qg5 30. Be1 Re8 31. cxb4 Be2 32. g3 Qh5 33. Rxc5 Qh3 34. Bf2 fxg3 35. Bxg3 Rxg3+ 36. hxg3 Qxg3+ 37. Kh1 Bxf3# 0-1

[Event "Roger Roy mem"]
[Site "Gatineau CAN"]
[Date "2007.11.06"]
[Round "4"]
[White "Briere, Gilles"]
[Black "Rainey, Ivan"]
[Result "0-1"]
[WhiteElo "1312"]
[BlackElo "1211"]
[PlyCount "90"]
[GameId "2160767910578821"]
[EventDate "2007.10.16"]
[EventType "swiss"]
[EventRounds "5"]
[EventCountry "CAN"]
[SourceTitle "EXT 2022"]
[Source "ChessBase"]
[SourceDate "2021.10.06"]
[SourceVersion "1"]
[SourceVersionDate "2021.10.06"]
[SourceQuality "1"]

1. e4 c6 2. d4 d5 3. e5 Bf5 4. Be2 e6 5. Nf3 Nd7 6. Bf4 Be7 7. Nbd2 h6 8. h3 Qc7 9. Bg3 O-O-O 10. c3 Rf8 11. a4 Qd8 12. a5 f6 13. c4 fxe5 14. Nxe5 Nxe5 15. Bxe5 Bd6 16. Nf3 Bxe5 17. Nxe5 Be4 18. f3 Qh4+ 19. Kf1 Ne7 20. Qe1 Qxe1+ 21. Kxe1 Bh7 22. c5 a6 23. Kf2 Rf4 24. Ke3 g5 25. g3 Nf5+ 26. Kf2 Rxd4 27. Nf7 Rf8 28. g4 Ne7 29. Nxh6 Rf6 30. Ke3 Rdf4 31. h4 d4+ 32. Kf2 Rxh6 33. hxg5 Rxh1 34. Rxh1 Bc2 35. Kg3 Nd5 36. Bc4 Rf7 37. Rh6 Re7 38. g6 Rg7 39. g5 d3 40. Rh7 Rxg6 41. Rh8+ Kc7 42. Rh7+ Kb8 43. Rh8+ Ka7 44. Bxa6 Kxa6 45. Ra8+ Kb5 0-1

[Event "Roger Roy mem"]
[Site "Gatineau CAN"]
[Date "2007.11.06"]
[Round "4"]
[White "Carrier, Simon"]
[Black "Ralchenko, Maxim"]
[Result "0-1"]
[WhiteElo "1178"]
[BlackElo "1538"]
[PlyCount "50"]
[GameId "2160767910578822"]
[EventDate "2007.10.16"]
[EventType "swiss"]
[EventRounds "5"]
[EventCountry "CAN"]
[SourceTitle "EXT 2022"]
[Source "ChessBase"]
[SourceDate "2021.10.06"]
[SourceVersion "1"]
[SourceVersionDate "2021.10.06"]
[SourceQuality "1"]

1. e4 c5 2. g3 Nf6 3. Bg2 d5 4. Nc3 d4 5. Nd5 e5 6. Nf3 Nc6 7. c3 Nxd5 8. exd5 Qxd5 9. Nh4 Qd6 10. O-O Be7 11. Nf5 Bxf5 12. Qb3 Rb8 13. cxd4 Nxd4 14. Qa4+ Nc6 15. a3 e4 16. d3 exd3 17. Bf4 Qd7 18. Bxc6 bxc6 19. Bxb8 Qd5 20. f3 Bh3 21. Rf2 O-O 22. Bf4 Bf6 23. Qxa7 Bd4 24. Rd1 Qxf3 25. Be3 Bxe3 0-1

[Event "Roger Roy mem"]
[Site "Gatineau CAN"]
[Date "2007.11.06"]
[Round "4"]
[White "Dallaire, Dominic"]
[Black "Pilon, Robert"]
[Result "1-0"]
[WhiteElo "1854"]
[BlackElo "1575"]
[PlyCount "74"]
[GameId "2160767738660360"]
[EventDate "2007.10.16"]
[EventType "swiss"]
[EventRounds "5"]
[EventCountry "CAN"]

1. e4 e6 2. d4 d5 3. e5 c5 4. c3 Nc6 5. Nf3 Qb6 6. Bd3 cxd4 7. cxd4 Bd7 8. Bc2 Nb4 9. Bb3 Bb5 10. Ba4 Nd3+ 11. Qxd3 Qa5+ 12. Nc3 Bxa4 13. Bd2 Bb4 14. Nxa4 Bxd2+ 15. Qxd2 Qxa4 16. O-O Ne7 17. b3 Qd7 18. Nh4 O-O 19. f4 Rac8 20. Rac1 Rxc1 21. Rxc1 Rc8 22. g4 Rxc1+ 23. Qxc1 Qc6 24. Qa3 Ng6 25. Nxg6 hxg6 26. Qc5 Qa6 27. Qc2 Qc6 28. Qxc6 bxc6 29. a4 a5 $11 30. Kf2 Kf8 31. Ke3 Ke8 32. Kd3 Kd8 33. Kc3 Kc7 34. b4 Kb6 35. bxa5+ Kxa5 36. Kb3 f6 37. f5 exf5 1-0

[Event "Roger Roy mem"]
[Site "Gatineau CAN"]
[Date "2007.11.06"]
[Round "4"]
[White "Danilov, Alex"]
[Black "Desjardins, Michel"]
[Result "0-1"]
[WhiteElo "1920"]
[BlackElo "1930"]
[PlyCount "50"]
[GameId "2160767910578823"]
[EventDate "2007.10.16"]
[EventType "swiss"]
[EventRounds "5"]
[EventCountry "CAN"]
[SourceTitle "EXT 2022"]
[Source "ChessBase"]
[SourceDate "2021.10.06"]
[SourceVersion "1"]
[SourceVersionDate "2021.10.06"]
[SourceQuality "1"]

1. c4 e5 2. g3 Nc6 3. Bg2 g6 4. Nc3 Bg7 5. e4 d6 6. Nge2 f5 7. d3 Nf6 8. O-O O-O 9. Bg5 h6 10. Be3 Be6 11. h3 Qd7 12. exf5 gxf5 13. f4 Kh7 14. Kh2 Qf7 15. b3 Nd8 16. Qd2 c5 17. fxe5 dxe5 18. Bxc5 Rg8 19. d4 e4 20. Nf4 Bd7 21. d5 Nh5 22. Bf2 Be5 23. Rae1 Nxf4 24. gxf4 Qg7 25. Rg1 Bxc3 0-1

[Event "Roger Roy mem"]
[Site "Gatineau CAN"]
[Date "2007.11.06"]
[Round "4"]
[White "Duret, Serge"]
[Black "Levesque, Andre"]
[Result "0-1"]
[WhiteElo "1062"]
[BlackElo "1460"]
[PlyCount "56"]
[GameId "2160767910578824"]
[EventDate "2007.10.16"]
[EventType "swiss"]
[EventRounds "5"]
[EventCountry "CAN"]
[SourceTitle "EXT 2022"]
[Source "ChessBase"]
[SourceDate "2021.10.06"]
[SourceVersion "1"]
[SourceVersionDate "2021.10.06"]
[SourceQuality "1"]

1. e4 c5 2. Nf3 Nc6 3. d4 cxd4 4. Nxd4 g6 5. Nc3 Bg7 6. Be3 Nf6 7. Bc4 O-O 8. O-O e6 9. f4 d5 10. Bd3 dxe4 11. Bxe4 Nxe4 12. Nxe4 Nxd4 13. Bxd4 Bxd4+ 14. Kh1 Bxb2 15. Rb1 Bg7 16. g4 b6 17. Kg1 Qd4+ 18. Qxd4 Bxd4+ 19. Kg2 Bb7 20. Rfe1 f5 21. gxf5 exf5 22. Red1 Bxe4+ 23. Kh3 Bc5 24. Rd7 Bxc2 25. Re1 Be4 26. Kh4 Bf2+ 27. Kg5 Bxe1 28. Kh6 Rf7 0-1

[Event "Roger Roy mem"]
[Site "Gatineau CAN"]
[Date "2007.11.06"]
[Round "4"]
[White "Forget, David"]
[Black "Cossette, Daniel"]
[Result "1/2-1/2"]
[WhiteElo "1884"]
[BlackElo "2130"]
[PlyCount "89"]
[GameId "2160767910578825"]
[EventDate "2007.10.16"]
[EventType "swiss"]
[EventRounds "5"]
[EventCountry "CAN"]
[SourceTitle "EXT 2022"]
[Source "ChessBase"]
[SourceDate "2021.10.06"]
[SourceVersion "1"]
[SourceVersionDate "2021.10.06"]
[SourceQuality "1"]

1. d4 d5 2. c4 e6 3. Nc3 c5 4. cxd5 exd5 5. dxc5 d4 6. Ne4 Bf5 7. Ng3 Be6 8. e3 Bxc5 9. exd4 Qxd4 10. Qxd4 Bxd4 11. Nf3 Bb6 12. Bb5+ Bd7 13. Bxd7+ Nxd7 14. Nf5 g6 15. Nd6+ Ke7 16. Nc4 Ngf6 17. Nxb6 Nxb6 18. Bg5 h6 19. Bxf6+ Kxf6 20. O-O Rhe8 21. Rfe1 Rxe1+ 22. Rxe1 Rc8 23. Kf1 Rc2 24. Re2 Rc1+ 25. Re1 Rxe1+ 26. Kxe1 Kf5 27. Kd2 Ke4 28. Ne1 Nc4+ 29. Kc3 Ne5 30. Kd2 f5 31. f3+ Kd5 32. b3 g5 33. Nd3 Nc6 34. Kc3 h5 35. Kd2 Kd4 36. Nc1 h4 37. Ne2+ Ke5 38. Kc3 g4 39. a3 gxf3 40. gxf3 Ne7 41. Kd3 Nd5 42. Kd2 Nc7 43. Kd3 Nb5 44. a4 Nc7 45. f4+ 1/2-1/2

[Event "Roger Roy mem"]
[Site "Gatineau CAN"]
[Date "2007.11.06"]
[Round "4"]
[White "Laurin, Jacques"]
[Black "Guimond, Michel"]
[Result "1/2-1/2"]
[WhiteElo "1770"]
[BlackElo "1816"]
[PlyCount "92"]
[GameId "2160767910578827"]
[EventDate "2007.10.16"]
[EventType "swiss"]
[EventRounds "5"]
[EventCountry "CAN"]
[SourceTitle "EXT 2022"]
[Source "ChessBase"]
[SourceDate "2021.10.06"]
[SourceVersion "1"]
[SourceVersionDate "2021.10.06"]
[SourceQuality "1"]

1. c4 e5 2. g3 d6 3. Bg2 g6 4. Nc3 Bg7 5. e3 Ne7 6. Nge2 O-O 7. d4 Nd7 8. O-O f5 9. b4 e4 10. Qb3 Kh8 11. f3 exf3 12. Bxf3 Nf6 13. Nf4 g5 14. Nfd5 Nfxd5 15. Nxd5 Nxd5 16. Bxd5 f4 17. Qd3 Bh3 18. Bg2 Bxg2 19. Kxg2 f3+ 20. Rxf3 Rxf3 21. Kxf3 Qf6+ 22. Kg2 Rf8 23. Qe2 Qf5 24. e4 Re8 25. exf5 Rxe2+ 26. Kf3 Rxh2 27. Bxg5 Bxd4 28. Re1 Rf2+ 29. Kg4 Be5 30. c5 Kg7 31. cxd6 cxd6 32. Rc1 h5+ 33. Kxh5 Rxf5 34. g4 Rf2 35. Bh6+ Kf6 36. Bg5+ Kg7 37. Rc7+ Rf7 38. Rc8 Rd7 39. Be3 a6 40. g5 d5 41. Re8 Bc3 42. g6 Kf6 43. Bg5+ Kf5 44. Rf8+ Ke6 45. Re8+ Kf5 46. Rf8+ Ke6 1/2-1/2

[Event "Roger Roy mem"]
[Site "Gatineau CAN"]
[Date "2007.11.06"]
[Round "4"]
[White "MacIsaac, Alexandre"]
[Black "Labelle, Raymond"]
[Result "1-0"]
[WhiteElo "1305"]
[BlackElo "1485"]
[PlyCount "49"]
[GameId "2160767910578828"]
[EventDate "2007.10.16"]
[EventType "swiss"]
[EventRounds "5"]
[EventCountry "CAN"]
[SourceTitle "EXT 2022"]
[Source "ChessBase"]
[SourceDate "2021.10.06"]
[SourceVersion "1"]
[SourceVersionDate "2021.10.06"]
[SourceQuality "1"]

1. e4 e5 2. Nf3 Nc6 3. Bc4 Nf6 4. Ng5 d5 5. exd5 Nxd5 6. Nxf7 Kxf7 7. Qf3+ Qf6 8. Bxd5+ Be6 9. Bxc6 bxc6 10. Qxc6 Bd6 11. O-O Rhf8 12. Nc3 Qg6 13. Ne4 Be7 14. h3 Rab8 15. Ng3 Rb4 16. Qxc7 Qf6 17. b3 Rc8 18. Qxa7 Rc5 19. Ba3 Rcb5 20. Bxb4 Rxb4 21. Rae1 Bd5 22. c4 Rb7 23. Qe3 Bc6 24. Qxe5 Qg6 25. Qh5 1-0

[Event "Roger Roy mem"]
[Site "Gatineau CAN"]
[Date "2007.11.06"]
[Round "4"]
[White "Sabourin, Yves"]
[Black "Kennedy, Phillip"]
[Result "1-0"]
[WhiteElo "1345"]
[BlackElo "1399"]
[PlyCount "85"]
[GameId "2160767910578829"]
[EventDate "2007.10.16"]
[EventType "swiss"]
[EventRounds "5"]
[EventCountry "CAN"]

1. d4 Nf6 2. c4 d5 3. Nc3 g6 4. Bf4 Bf5 5. Nb5 Na6 6. e3 c6 7. Nc3 Bg7 8. Be5 O-O 9. cxd5 Nb4 10. Rc1 cxd5 11. a3 Nc6 12. Bxf6 Bxf6 13. Bd3 Bxd3 14. Qxd3 a6 15. Nf3 Na5 16. O-O Nc4 17. Rc2 e6 18. Nd2 b5 19. Nxc4 dxc4 20. Qd2 Be7 21. d5 e5 22. e4 Bg5 23. Qd1 Qd7 24. Ne2 a5 25. f4 Qa7+ 26. Kh1 exf4 27. Nxf4 Rfe8 28. Qf3 b4 29. Rxc4 bxa3 30. bxa3 Qa6 31. Rc6 Qb7 32. a4 Qb4 33. Nh3 Bh6 34. Qxf7+ Kh8 35. Rc7 Re7 36. Rxe7 Qxe7 37. Qxe7 Rc8 38. Ng5 Bg7 39. h3 h6 40. Ne6 Be5 41. Rf8+ Rxf8 42. Qxf8+ Kh7 43. d6 1-0

[Event "Roger Roy mem"]
[Site "Gatineau CAN"]
[Date "2007.11.06"]
[Round "4"]
[White "Sunatori, Evelyne"]
[Black "Maisonneuve, Paul"]
[Result "0-1"]
[WhiteElo "1128"]
[BlackElo "1377"]
[PlyCount "114"]
[GameId "2160767910578830"]
[EventDate "2007.10.16"]
[EventType "swiss"]
[EventRounds "5"]
[EventCountry "CAN"]
[SourceTitle "EXT 2022"]
[Source "ChessBase"]
[SourceDate "2021.10.06"]
[SourceVersion "1"]
[SourceVersionDate "2021.10.06"]
[SourceQuality "1"]

1. e4 d6 2. Nf3 Nf6 3. Nc3 g6 4. d4 Bg7 5. Bb5+ c6 6. Be2 Nbd7 7. Bf4 O-O 8. O-O c5 9. d5 a6 10. g3 b5 11. a3 b4 12. axb4 cxb4 13. Nb1 Nxe4 14. c3 bxc3 15. bxc3 Nxc3 16. Nxc3 Bxc3 17. Ra3 Bg7 18. Be3 Bb7 19. Bc4 Qc7 20. Ba2 Rfc8 21. Bd4 Nf6 22. Bxf6 Bxf6 23. Qd2 Qc5 24. Rd3 Rc7 25. Qe3 a5 26. Qxc5 Rxc5 27. Rb1 Bc8 28. Nd2 Bf5 29. Rbb3 a4 30. Ra3 Bxd3 31. Rxd3 Rc2 32. Bc4 a3 33. Bb3 Rc1+ 34. Nf1 a2 35. Bxa2 Rxa2 36. Kg2 Rcc2 37. Rf3 Bd4 38. h4 Rxf2+ 39. Rxf2 Rxf2+ 40. Kh3 Rxf1 41. g4 Rh1+ 42. Kg3 Be5+ 43. Kg2 Rxh4 44. Kf3 Rh3+ 45. Ke4 Rg3 46. g5 Rxg5 47. Ke3 h5 48. Kd3 h4 49. Kc4 h3 50. Kb5 h2 51. Kc6 h1=Q 52. Kd7 Kf8 53. Kd8 Rg4 54. Kd7 Ra4 55. Kc7 Qxd5 56. Kd7 Ra7+ 57. Kd8 Qa8# 0-1

[Event "Roger Roy mem"]
[Site "Gatineau CAN"]
[Date "2007.11.13"]
[Round "5"]
[White "Brousseau, Yvan"]
[Black "Laurin, Jacques"]
[Result "0-1"]
[WhiteElo "2055"]
[BlackElo "1770"]
[PlyCount "66"]
[GameId "2160767910578831"]
[EventDate "2007.10.16"]
[EventType "swiss"]
[EventRounds "5"]
[EventCountry "CAN"]
[SourceTitle "EXT 2022"]
[Source "ChessBase"]
[SourceDate "2021.10.06"]
[SourceVersion "1"]
[SourceVersionDate "2021.10.06"]
[SourceQuality "1"]

1. f4 Nf6 2. Nf3 b6 3. d3 d5 4. c3 Bb7 5. Nbd2 Nbd7 6. Ne5 Nxe5 7. fxe5 Ng4 8. Nf3 Qd7 9. h3 Nh6 10. Bxh6 gxh6 11. e3 Bg7 12. d4 O-O-O 13. Qc2 f6 14. exf6 Bxf6 15. Bd3 Qd6 16. O-O-O c5 17. Qe2 c4 18. Bc2 b5 19. Kb1 b4 20. cxb4 Qxb4 21. Qd2 Qb6 22. Rhe1 Kb8 23. Qc3 e6 24. e4 Be7 25. a3 Rhg8 26. Rd2 a5 27. e5 Rg3 28. Re3 Bb4 29. axb4 axb4 30. Qxb4 Qxb4 31. Rc3 Rf8 32. Bxh7 Rf7 33. Bc2 Rfg7 0-1

[Event "Roger Roy mem"]
[Site "Gatineau CAN"]
[Date "2007.11.13"]
[Round "5"]
[White "Desjardins, Michel"]
[Black "Cossette, Daniel"]
[Result "1/2-1/2"]
[WhiteElo "1930"]
[BlackElo "2130"]
[PlyCount "62"]
[GameId "2160767910578832"]
[EventDate "2007.10.16"]
[EventType "swiss"]
[EventRounds "5"]
[EventCountry "CAN"]
[SourceTitle "EXT 2022"]
[Source "ChessBase"]
[SourceDate "2021.10.06"]
[SourceVersion "1"]
[SourceVersionDate "2021.10.06"]
[SourceQuality "1"]

1. e4 c5 2. Nc3 Nc6 3. g3 g6 4. Bg2 Bg7 5. d3 d6 6. Be3 Rb8 7. Qd2 b5 8. Nge2 Nd4 9. O-O b4 10. Nd1 e5 11. Nc1 Bg4 12. f3 Bd7 13. c3 bxc3 14. bxc3 Nc6 15. f4 exf4 16. Bxf4 Ne5 17. Ne3 g5 18. Bxe5 Bxe5 19. d4 cxd4 20. cxd4 Bg7 21. Nf5 Bxf5 22. exf5 Qb6 23. Qe3+ Kf8 24. Nb3 a5 25. Rab1 Qa7 26. Qxg5 a4 27. Na5 Bxd4+ 28. Kh1 Rxb1 29. Qd8+ Kg7 30. Qg5+ Kf8 31. Qd8+ Kg7 1/2-1/2

[Event "Roger Roy mem"]
[Site "Gatineau CAN"]
[Date "2007.11.13"]
[Round "5"]
[White "Duret, Serge"]
[Black "Briere, Gilles"]
[Result "1-0"]
[WhiteElo "1312"]
[BlackElo "1062"]
[PlyCount "68"]
[GameId "2160767910578833"]
[EventDate "2007.10.16"]
[EventType "swiss"]
[EventRounds "5"]
[EventCountry "CAN"]
[SourceTitle "EXT 2022"]
[Source "ChessBase"]
[SourceDate "2021.10.06"]
[SourceVersion "1"]
[SourceVersionDate "2021.10.06"]
[SourceQuality "1"]

1. e4 c5 2. Nf3 g6 3. d4 Bg7 4. dxc5 Nc6 5. Bc4 e6 6. Ng5 Qa5+ 7. Nc3 Bxc3+ 8. Bd2 Bxd2+ 9. Qxd2 Qxd2+ 10. Kxd2 Nh6 11. Rad1 Ne5 12. Bb3 O-O 13. Kc1 f6 14. Nf3 Nxf3 15. gxf3 f5 16. e5 f4 17. Ba4 Rf7 18. Rd6 Nf5 19. Rd3 Kf8 20. Rhd1 Ke8 21. b4 a6 22. Kb1 Kd8 23. b5 axb5 24. Bxb5 Rb8 25. Rb3 Kc7 26. a4 b6 27. cxb6+ Rxb6 28. Kb2 d5 29. Ra1 Nd4 30. Rb4 Nxb5 31. Rxb5 Rxb5+ 32. axb5 Kb6 33. Ra6+ Bxa6 34. bxa6 Kxa6 1-0

[Event "Roger Roy mem"]
[Site "Gatineau CAN"]
[Date "2007.11.13"]
[Round "5"]
[White "Guimond, Michel"]
[Black "Ralchenko, Maxim"]
[Result "1-0"]
[WhiteElo "1861"]
[BlackElo "1560"]
[PlyCount "31"]
[GameId "2160767910578834"]
[EventDate "2007.10.16"]
[EventType "swiss"]
[EventRounds "5"]
[EventCountry "CAN"]
[SourceTitle "EXT 2022"]
[Source "ChessBase"]
[SourceDate "2021.10.06"]
[SourceVersion "1"]
[SourceVersionDate "2021.10.06"]
[SourceQuality "1"]

1. e4 c5 2. Nf3 d6 3. d4 cxd4 4. Nxd4 a6 5. Nc3 g6 6. Bc4 Bg7 7. Be3 Nf6 8. f3 O-O 9. Qd2 Nbd7 10. O-O-O b5 11. Nc6 Qe8 12. Bd5 Nxd5 13. Nxd5 Nb8 14. Ncxe7+ Kh8 15. Bd4 Qd7 16. Qh6 1-0

[Event "Roger Roy mem"]
[Site "Gatineau CAN"]
[Date "2007.11.13"]
[Round "5"]
[White "Jiang, Qizhe"]
[Black "Sabourin, Yves"]
[Result "0-1"]
[Annotator "Lacourse,Guy"]
[WhiteElo "920"]
[BlackElo "1345"]
[PlyCount "34"]
[GameId "2160767738660361"]
[EventDate "2007.10.16"]
[EventType "swiss"]
[EventRounds "5"]
[EventCountry "CAN"]

1. e4 e6 2. d4 d5 3. Nc3 Nf6 4. Bd3 Bb4 5. Nge2 dxe4 6. Bc4 O-O 7. a3 Be7 8. Be3 Nc6 9. Ng3 Nd5 10. Ncxe4 Nb6 11. Bd3 f5 12. Nc5 Nxd4 13. Nb3 Nxb3 14. cxb3 Nd5 15. Bc4 Nxe3 16. Qxd8 Rxd8 17. fxe3 a6 {coup illégal 18.0-0-0 ...(32)} 0-1

[Event "Roger Roy mem"]
[Site "Gatineau CAN"]
[Date "2007.11.13"]
[Round "5"]
[White "Labelle, Raymond"]
[Black "Berthiaume, Patrick"]
[Result "1-0"]
[WhiteElo "1485"]
[BlackElo "1038"]
[PlyCount "131"]
[GameId "2160767910578836"]
[EventDate "2007.10.16"]
[EventType "swiss"]
[EventRounds "5"]
[EventCountry "CAN"]
[SourceTitle "EXT 2022"]
[Source "ChessBase"]
[SourceDate "2021.10.06"]
[SourceVersion "1"]
[SourceVersionDate "2021.10.06"]
[SourceQuality "1"]

1. e4 e5 2. Nf3 Nf6 3. Nc3 Nc6 4. Bc4 Bc5 5. h3 d6 6. d3 Be6 7. Bxe6 fxe6 8. Na4 Bb6 9. Nxb6 axb6 10. Bg5 O-O 11. O-O Nd4 12. Nh4 h6 13. Be3 Nc6 14. Qe2 Nxe4 15. Qg4 Nf6 16. Qxe6+ Rf7 17. Nf5 Qd7 18. Qxd7 Rxd7 19. f4 exf4 20. Bxf4 Nb4 21. Rf2 Nxa2 22. c3 Rdd8 23. Rc2 Nd5 24. Bd2 Rf8 25. Ng3 Ra7 26. b3 Rfa8 27. Kf2 Rf8+ 28. Kg1 Rfa8 29. Ne2 g5 30. Nd4 c6 31. c4 Ndb4 32. Bxb4 Nxb4 33. Rxa7 Rxa7 34. Rd2 Ra1+ 35. Kf2 Ra2 36. Rxa2 Nxa2 37. Nf5 Nb4 38. Nxh6+ Kh7 39. Nf5 Nxd3+ 40. Kg3 d5 41. cxd5 cxd5 42. Kg4 Kg6 43. Ne7+ Kh6 44. Nxd5 Nc5 45. b4 Nd7 46. b5 Kg6 47. Nc3 Nf8 48. Ne4 Ne6 49. Nd6 Nc5 50. Nc4 Nd7 51. g3 Nf6+ 52. Kf3 Nd7 53. h4 gxh4 54. gxh4 Kh5 55. Kg3 Kh6 56. Nd6 Nc5 57. Kg4 Kg6 58. h5+ Kh6 59. Nf5+ Kh7 60. Kg5 Ne6+ 61. Kh4 Nf4 62. h6 Ng6+ 63. Kg5 Ne5 64. Nd6 Nc4 65. Nxb7 Nd6 66. Nxd6 1-0

[Event "Roger Roy mem"]
[Site "Gatineau CAN"]
[Date "2007.11.13"]
[Round "5"]
[White "Lacourse, Guy"]
[Black "Danilov, Alex"]
[Result "0-1"]
[WhiteElo "1608"]
[BlackElo "1920"]
[PlyCount "96"]
[GameId "2160767910578837"]
[EventDate "2007.10.16"]
[EventType "swiss"]
[EventRounds "5"]
[EventCountry "CAN"]
[SourceTitle "EXT 2022"]
[Source "ChessBase"]
[SourceDate "2021.10.06"]
[SourceVersion "1"]
[SourceVersionDate "2021.10.06"]
[SourceQuality "1"]

1. c4 e5 2. Nc3 Nf6 3. Nf3 d6 4. g3 c6 5. Bg2 Be6 6. d3 Qc8 7. h4 h6 8. e4 Be7 9. Ng1 O-O 10. f3 d5 11. cxd5 cxd5 12. exd5 Nxd5 13. Nxd5 Bxd5 14. Ne2 Bc5 15. Nc3 Bc6 16. Qe2 Qd7 17. Be3 Na6 18. O-O Rfe8 19. Rfd1 Rad8 20. Bxc5 Nxc5 21. Qe3 Qd4 22. Qxd4 Rxd4 23. Rd2 Red8 24. Rad1 Nxd3 25. Ne2 Nxb2 26. Nxd4 Nxd1 27. Rxd1 exd4 28. Kf2 d3 29. Rd2 Kf8 30. Bf1 Bb5 31. Ke3 Re8+ 32. Kf2 Rd8 33. Ke3 Ke7 34. a3 Kf6 35. Rd1 Re8+ 36. Kd2 Rc8 37. Bxd3 Bxd3 38. Kxd3 Rd8+ 39. Ke2 Rxd1 40. Kxd1 Ke5 41. Ke2 h5 42. Ke3 f6 43. g4 g6 44. f4+ Ke6 45. gxh5 gxh5 46. Ke4 b5 47. f5+ Kd6 48. Kd4 a5 0-1

[Event "Roger Roy mem"]
[Site "Gatineau CAN"]
[Date "2007.11.13"]
[Round "5"]
[White "Levesque, Andre"]
[Black "Berthiaume, Serge"]
[Result "1-0"]
[WhiteElo "1460"]
[BlackElo "1323"]
[PlyCount "51"]
[GameId "2160767910578838"]
[EventDate "2007.10.16"]
[EventType "swiss"]
[EventRounds "5"]
[EventCountry "CAN"]
[SourceTitle "EXT 2022"]
[Source "ChessBase"]
[SourceDate "2021.10.06"]
[SourceVersion "1"]
[SourceVersionDate "2021.10.06"]
[SourceQuality "1"]

1. e4 e5 2. Nc3 Nf6 3. f4 Nc6 4. Nf3 d6 5. Bb5 Bd7 6. fxe5 Nxe5 7. Bxd7+ Qxd7 8. O-O O-O-O 9. d3 h6 10. Bf4 Nxf3+ 11. Qxf3 Qc6 12. a4 Qb6+ 13. Be3 Qxb2 14. Nb5 a6 15. Bd4 Qxc2 16. Bxf6 gxf6 17. Na7+ Kd7 18. Rac1 Qxa4 19. Qxf6 Be7 20. Qf5+ Ke8 21. Qxf7+ Kd7 22. Qf5+ Ke8 23. Rxc7 Qd4+ 24. Kh1 Rf8 25. Qg6+ Rf7 26. Qxf7# 1-0